000
00263nam a2200109Ia 4500
008
220204s9999 xx 000 0 und d
082
_a
338.5
_b
HIC
100
_a
HICKS, J R
245
0
_a
Value and capital
260
_a
Oxford
_b
Oxford Univ press
_c
1975
942
_c
BK
999
_c
23492
_d
23492